000 01492nam0a2200313 4500
001 RU\NLR\b_ik\164590
005 20250616230318.0
035 _a(NLR Aleph) 002237405
090 _a3510919
_c3510918
100 _a20071210d2007 |||y0rusy50 ca
101 0 _aeng
_drus
102 _aRU
105 _ay |||||||||
200 1 _aRigorous derivation of the mean-field green functions of the two-band Hubbard model of superconductivity
_fGh. Adam, S. Adam
210 _aДубна
_cИзд. отд. Объед. ин-та ядер. исслед.
_d2007
215 _a18, [1] c.
_d22
225 1 _aОбъединенный институт ядерных исследований, Дубна
_vE17-2007-83
300 _aНа 4-й с. обл.: Функции Грина двухзонной модели сверхпроводимости Хаббарда в приближении среднего поля / Адам Г., Адам. С
300 _aРез. на рус. яз.
320 _aБиблиогр. в конце кн.
517 0 _aФункции Грина двухзонной модели сверхпроводимости Хаббарда в приближении среднего поля
606 1 _aХаббарда модель сверхпроводимости
_92088637
_3RU\NLR\AUTH\661264405
686 1 _aВ333.21
700 1 _aAdam
_bGh.
_4070
701 1 _aAdam
_bS.
_4070
801 0 _aRU
_bNLR
_c20071210
_gRCR
942 _cBOOK
980 _aNB